logo

Bir Sreshtho Munshi Abdur Rouf Library
Jhenaidah Cadet College

জীবনান্দ দাস : জন্মশতবার্ষিক স্মরক গ্রন্হ / (Record no. 3838)

MARC details
000 -LEADER
fixed length control field 00774nam a2200229 a 4500
001 - CONTROL NUMBER
JCCL Control Number 3838
003 - CONTROL NUMBER IDENTIFIER
JCCL marc code BD-JhCC
005 - DATE AND TIME OF LATEST TRANSACTION
control field 20190527134006.0
008 - FIXED-LENGTH DATA ELEMENTS--GENERAL INFORMATION
fixed length control field 171118s2001 bg a|||| ||a| 000 0 ben d
020 ## - INTERNATIONAL STANDARD BOOK NUMBER
International Standard Book Number 9844151333
035 ## - SYSTEM CONTROL NUMBER
system control number (BD-JhCC)3838
040 ## - CATALOGING SOURCE
Original cataloging agency BD-JhCC
Modifying agency BD-JhCC
041 ## - LANGUAGE CODE
Language code of Book ben
082 ## - DEWEY DECIMAL CLASSIFICATION NUMBER
Classification number 891.4409
Author mark and Year JBN 2001
245 ## - TITLE STATEMENT
Title জীবনান্দ দাস : জন্মশতবার্ষিক স্মরক গ্রন্হ /
Statement of responsibility, etc আবদুল মান্নন সৈকত সম্পাদিত
260 ## - PUBLICATION, DISTRIBUTION, ETC. (IMPRINT)
Place of publication, distribution, etc ঢাকা :
Name of publisher, distributor, etc অবসর,
Date of publication, distribution, etc ২০০১.
300 ## - PHYSICAL DESCRIPTION
Pagination 283 p. :
Other physical details ill. ;
Dimensions 21 cm.
650 ## - SUBJECT ADDED ENTRY--TOPICAL TERM
Topical term or geographic name as entry element Collection Of Essays
700 ## - ADDED ENTRY--PERSONAL NAME
Personal name সৈকত, আবদুল মান্নন
942 ## - ADDED ENTRY ELEMENTS (KOHA)
Source of classification or shelving scheme Dewey Decimal Classification
Koha item type Books
Koha issues (borrowed), all copies 1
Holdings
Source of classification or shelving scheme Damaged status Not for loan Home library Current library Shelving location Date of accession Cost, normal purchase price Total Checkouts Full call number Barcode Date last seen Date checked out Copy number Koha item type
Dewey Decimal Classification     JCC Rouf Library JCC Rouf Library Reference 11/18/2017 250.00 1 891.4409 JBN 2001 3822 04/17/2022 05/26/2019 C-1 Books

JCC Library | Contacts | JCC Home

Last Update on 23 September 2017
Copyright @ 2017-2020 JCC Rouf Library
Rouf Library, Jhenidah Cadet College (JCC), Bangladesh